00254nam a2200121Ia 4500008003600000041000800036082001200044100000600056245002800062260002200090650000900112650001100121210210b xxu||||| |||| 00| 0 eng d aeng a879/165 a- aLakba rama raja bahudur abNot Mentionedc araja aDharma